00412nam a2200121 a 450000100100000000500170001000800410002704000250006810000200009324500950011326000540020830000280026200003643520200930075729.0120117s1984 cc a 000 0 spa d aDO-SdBNPbspacBNPHU1 aChan-ling, Wang10aCamino a la reunificación de China con los tres principios del pueblo /cWang Chan-ling. a[China], :bComisión Editorial Kuang Lu,c1984. a111 p. :bil. ;c19 cm.